[Event "Colin Crouch Intermediate 1st"]
[Site "Harrow High School"]
[Date "2016.04.04"]
[Round "1.3"]
[White "Ivanov, Elizabeth"]
[Black "Batchelor, Guy J"]
[Result "1/2-1/2"]
[WhiteElo "1585"]
[BlackElo "1921"]
[PlyCount "77"]
[EventDate "2016.04.04"]
[EventType "swiss"]
[EventRounds "5"]
[EventCountry "ENG"]
[Source "John Saunders"]
[SourceDate "2016.04.28"]

1. e4 e5 2. Nf3 Nf6 3. Nc3 Nc6 4. d4 exd4 5. Nxd4 Bb4 6. Bg5 Bxc3+ 7. bxc3 h6
8. Bxf6 Qxf6 9. Bc4 O-O 10. O-O Ne5 11. Bb3 d6 12. f4 Ng6 13. f5 Ne5 14. Qe1 a6
15. a3 Re8 16. Qg3 Bd7 17. Rf4 c5 18. Nf3 c4 19. Ba2 b5 20. Nd4 Re7 21. Re1
Rae8 22. Re3 Nc6 23. h3 d5 24. Qf3 dxe4 25. Rexe4 Rxe4 26. Rxe4 Rxe4 27. Qxe4
Qd6 28. a4 Qe5 29. Qh4 f6 30. axb5 axb5 31. Nxb5 Ne7 32. Qxc4+ Kh7 33. Nd4 Qe3+
34. Kh1 Qe1+ 35. Kh2 Qe5+ 36. g3 Qe1 37. Qe2 Qxc3 38. Ne6 Kh8 39. Nf8 1/2-1/2

[Event "Colin Crouch Intermediate 1st"]
[Site "Harrow High School"]
[Date "2016.04.04"]
[Round "1.4"]
[White "Spanton, Tim R"]
[Black "Golding, William"]
[Result "1-0"]
[WhiteElo "1919"]
[BlackElo "1496"]
[PlyCount "123"]
[EventDate "2016.04.04"]
[EventType "swiss"]
[EventRounds "5"]
[EventCountry "ENG"]
[Source "John Saunders"]
[SourceDate "2016.04.28"]

1. d4 Nf6 2. Nc3 e6 3. Nf3 d5 4. Bg5 Be7 5. Bxf6 Bxf6 6. e4 O-O 7. Bd3 c5 8. e5
Be7 9. Qd2 Nc6 10. dxc5 Bxc5 11. O-O a6 12. Rad1 Bd7 13. a3 Qc7 14. Rfe1 f6 15.
b4 Ba7 16. exf6 Rxf6 17. b5 Nd4 18. Nxd4 Bxd4 19. Bxh7+ Kxh7 20. Qxd4 axb5 21.
Qd3+ Kg8 22. Nxd5 exd5 23. Qxd5+ Rf7 24. Re7 Raf8 25. Rxd7 Qxc2 26. f3 Qe2 27.
Qb3 Qc4 28. Qxc4 bxc4 29. R7d4 Rc7 30. Rc1 Rfc8 31. a4 Kf7 32. Kf2 Rc5 33. Rc3
Ke6 34. Ke3 R8c7 35. f4 g6 36. g4 R7c6 37. Kd2 Rd5 38. Re3+ Kd6 39. Kc3 Rcc5
40. Rxc4 b5 41. axb5 Rxb5 42. Kc2 Ra5 43. Rb3 Ra6 44. Rcb4 Rc6+ 45. Rc3 Ra6 46.
Rb2 Ke6 47. Rd3 Rc6+ 48. Kd2 Rxd3+ 49. Kxd3 Rc5 50. Re2+ Kf6 51. Ke3 Rc3+ 52.
Kf2 Rh3 53. Kg2 Rd3 54. h3 g5 55. f5 Rd6 56. Kf3 Kf7 57. Re3 Kf6 58. Re6+ Rxe6
59. fxe6 Kxe6 60. Ke4 Kf6 61. Kd5 Kf7 62. Ke5 1-0

[Event "Colin Crouch Intermediate 1st"]
[Site "Harrow High School"]
[Date "2016.04.04"]
[Round "1.6"]
[White "Willmoth, Harrison"]
[Black "Hilton, Steve H"]
[Result "1/2-1/2"]
[WhiteElo "1487"]
[BlackElo "1890"]
[PlyCount "80"]
[EventDate "2016.04.04"]
[EventType "swiss"]
[EventRounds "5"]
[EventCountry "ENG"]
[Source "John Saunders"]
[SourceDate "2016.04.28"]

1. e4 c5 2. Nf3 d6 3. Bb5+ Nd7 4. O-O Ngf6 5. Re1 e5 6. Nc3 Be7 7. d3 O-O 8.
Bg5 Nb6 9. Bxf6 Bxf6 10. Ba4 Be6 11. Bb3 Qd7 12. Ne2 g6 13. Bxe6 fxe6 14. c4
Qe7 15. Ng3 Rf7 16. Qe2 Raf8 17. b3 Nd7 18. Rad1 Nb8 19. Qd2 Nc6 20. a3 a5 21.
Ne2 Qd7 22. Nc3 Nd4 23. Nxd4 exd4 24. Ne2 Bd8 25. Rf1 e5 26. Ng3 b6 27. a4 Qg4
28. Qe2 Qh4 29. Kh1 Bg5 30. Kg1 h5 31. h3 Bf4 32. Nh1 Qg5 33. g3 h4 34. Kh2
hxg3+ 35. fxg3 Be3 36. Rxf7 Rxf7 37. Rf1 Qe7 38. Kg2 Qe6 39. Rf3 Kg7 40. Qf1
Rxf3 1/2-1/2

[Event "Colin Crouch Intermediate 1st"]
[Site "Harrow High School"]
[Date "2016.04.05"]
[Round "2.1"]
[White "Schmidt, Matthias"]
[Black "Ivanov, George"]
[Result "0-1"]
[WhiteElo "1974"]
[BlackElo "1669"]
[PlyCount "146"]
[EventDate "2016.04.04"]
[EventType "swiss"]
[EventRounds "5"]
[EventCountry "ENG"]
[Source "John Saunders"]
[SourceDate "2016.04.28"]

1. d4 Nf6 2. Nf3 d5 3. c4 c6 4. e3 Bf5 5. Nc3 e6 6. Nh4 Bg6 7. Nxg6 hxg6 8. Bd2
Bd6 9. g3 Nbd7 10. cxd5 exd5 11. Bg2 Qe7 12. Qe2 O-O-O 13. O-O-O Nb6 14. Kb1
Nc4 15. Bc1 Bb4 16. h4 Qc7 17. e4 Qb6 18. Ka1 Bxc3 19. bxc3 Qa5 20. Qd3 Rhe8
21. exd5 cxd5 22. Rhe1 Rxe1 23. Rxe1 Rd6 24. Re7 Ra6 25. Qc2 Na3 26. Bxa3 Qxa3
27. Rxf7 Rc6 28. Qb2 Qxc3 29. Qxc3 Rxc3 30. Kb2 Rc7 31. Bh3+ Kd8 32. Be6 Re7
33. Rxe7 Kxe7 34. Bc8 b6 35. f3 Nh5 36. g4 Nf4 37. Bb7 Kd6 38. Ba6 Ng2 39. Be2
Nxh4 40. Kc3 g5 41. Kb4 Ng6 42. Bf1 Nf4 43. Kc3 Kc6 44. a4 Ne6 45. Bb5+ Kd6 46.
Bd3 Nc7 47. Kb4 Kc6 48. Bg6 a6 49. Bf7 a5+ 50. Kc3 b5 51. Kb3 bxa4+ 52. Kxa4
Kb6 53. Bg8 Nb5 54. Bf7 Nxd4 55. Bxd5 Kc5 56. Be4 Kd6 57. Kxa5 Ke5 58. Kb4 Kf4
59. Kc3 Nxf3 60. Bf5 Ne5 61. Kd2 Nxg4 62. Bc8 Kg3 63. Ke1 Nh2 64. Bb7 Ng4 65.
Kf1 Kh2 66. Bc8 Ne5 67. Kf2 g4 68. Ke3 g3 69. Bb7 g2 70. Bxg2 Kxg2 71. Kf4 Nd7
72. Kf5 Nf6 73. Kg6 Ne8 0-1

[Event "Colin Crouch Intermediate 1st"]
[Site "Harrow High School"]
[Date "2016.04.05"]
[Round "2.4"]
[White "Batchelor, Guy J"]
[Black "Willmoth, Harrison"]
[Result "1-0"]
[WhiteElo "1921"]
[BlackElo "1487"]
[PlyCount "122"]
[EventDate "2016.04.04"]
[EventType "swiss"]
[EventRounds "5"]
[EventCountry "ENG"]
[Source "John Saunders"]
[SourceDate "2016.04.28"]

1. b3 d6 2. d4 e5 3. dxe5 dxe5 4. Qxd8+ Kxd8 5. Nc3 Bb4 6. Bb2 Bd7 7. O-O-O
Bxc3 8. Bxc3 f6 9. f4 exf4 10. Nh3 Ne7 11. Nxf4 Kc8 12. e4 Nbc6 13. Bc4 Ng6 14.
Nxg6 hxg6 15. h3 Re8 16. Bf7 Rxe4 17. Bxg6 Re2 18. g4 Ne5 19. Bh7 c5 20. g5 Kc7
21. gxf6 gxf6 22. h4 Rh8 23. Bxe5+ Rxe5 24. Bg6 Bg4 25. Rdf1 Bh5 26. Rxf6 Bxg6
27. Rxg6 Rh7 28. Rg4 Kd7 29. a4 b6 30. Kd2 a6 31. Rf1 Re6 32. Rf5 Reh6 33. Rff4
Re6 34. Kd3 Re1 35. Kc4 Rd1 36. a5 Kc7 37. axb6+ Kxb6 38. Rf6+ Kb7 39. Kxc5 Rd2
40. c4 Rd3 41. Kb4 Ka7 42. Ka4 Rh3 43. Rgg6 R7xh4 44. Rxa6+ Kb7 45. Raf6 Rh7
46. Rf5 Rh2 47. Kb5 Ra2 48. Rfg5 Kc7 49. Rg7+ Rxg7 50. Rxg7+ Kd6 51. c5+ Kd5
52. Rd7+ Ke6 53. Rd1 Rb2 54. b4 Rb3 55. c6 Rc3 56. Kb6 Rc4 57. b5 Ke7 58. Kb7
Ke8 59. b6 Rc5 60. c7 Ra5 61. c8=Q+ Ke7 1-0

[Event "Colin Crouch Intermediate 1st"]
[Site "Harrow High School"]
[Date "2016.04.05"]
[Round "2.5"]
[White "Zheng, William"]
[Black "Balouka-Myers, Reuben"]
[Result "1-0"]
[WhiteElo "1589"]
[BlackElo "1630"]
[PlyCount "89"]
[EventDate "2016.04.04"]
[EventType "swiss"]
[EventRounds "5"]
[EventCountry "ENG"]
[Source "John Saunders"]
[SourceDate "2016.04.28"]

1. e4 e6 2. d4 d5 3. Nc3 Bb4 4. a3 Bxc3+ 5. bxc3 c5 6. e5 Qc7 7. Bd2 Nc6 8. Qg4
f6 9. Bb5 fxe5 10. Qh5+ Kf8 11. Bxc6 Qxc6 12. Qxe5 Nf6 13. Bf4 Ne4 14. f3 Nxc3
15. Qd6+ Kf7 16. dxc5 Qxd6 17. cxd6 Rd8 18. a4 Bd7 19. a5 Bc6 20. Ne2 Nb5 21.
O-O Nxd6 22. Nd4 Nb5 23. Nxc6 bxc6 24. Rfe1 Nd4 25. Ra2 a6 26. c3 Nb5 27. Rae2
Nxc3 28. Rxe6 Re8 29. R6e3 Nb5 30. Rc1 Rxe3 31. Bxe3 Rc8 32. Bc5 Nc7 33. Rb1
Nb5 34. Rc1 d4 35. Kf2 Ke6 36. Ke2 Kd5 37. Kd3 Re8 38. Bb4 Re3+ 39. Kd2 Rb3 40.
Rc5+ Kd6 41. Rxb5+ Kc7 42. Bd6+ Kxd6 43. Rxb3 c5 44. Rb6+ Kd5 45. Rxa6 1-0

[Event "Colin Crouch Intermediate 1st"]
[Site "Harrow High School"]
[Date "2016.04.05"]
[Round "2.6"]
[White "Hilton, Steve H"]
[Black "Colter, Nigel"]
[Result "1-0"]
[WhiteElo "1890"]
[BlackElo "1721"]
[PlyCount "75"]
[EventDate "2016.04.04"]
[EventType "swiss"]
[EventRounds "5"]
[EventCountry "ENG"]
[Source "John Saunders"]
[SourceDate "2016.04.28"]

1. d4 Nf6 2. c4 e6 3. Nc3 d5 4. Bg5 c6 5. Nf3 Be7 6. e3 Nbd7 7. cxd5 exd5 8.
Qc2 O-O 9. Bd3 Re8 10. O-O Nf8 11. Rab1 a5 12. a3 Ng6 13. h3 Ne4 14. Bxe7 Qxe7
15. Nd2 Nxd2 16. Qxd2 Qg5 17. f4 Qh6 18. Rbe1 f5 19. Na4 Ne7 20. Nb6 Ra7 21.
Qc2 Qf6 22. Qc5 Qe6 23. Nd7 Ra8 24. Ne5 Kh8 25. Rf3 Ng8 26. g4 g6 27. g5 h5 28.
gxh6 Nxh6 29. Rg3 Rg8 30. Kh2 Nf7 31. Reg1 Nxe5 32. fxe5 Bd7 33. Qc1 Kh7 34.
Qf1 Raf8 35. Qf4 Qe7 36. Rg5 Be8 37. Qh4+ Kg7 38. Rxg6+ 1-0

[Event "Colin Crouch Intermediate 1st"]
[Site "Harrow High School"]
[Date "2016.04.05"]
[Round "2.7"]
[White "Golding, William"]
[Black "Balouka-Myers, Gabriel"]
[Result "0-1"]
[WhiteElo "1496"]
[BlackElo "1624"]
[PlyCount "68"]
[EventDate "2016.04.04"]
[EventType "swiss"]
[EventRounds "5"]
[EventCountry "ENG"]
[Source "John Saunders"]
[SourceDate "2016.04.28"]

1. d4 d5 2. Nf3 e6 3. Bf4 c6 4. c3 f5 5. e3 Nf6 6. Ne5 Bd6 7. Be2 O-O 8. g4 Ne4
9. Rg1 Qh4 10. Bg3 Nxg3 11. hxg3 Qf6 12. f4 Nd7 13. g5 Qe7 14. Rh1 Nxe5 15.
dxe5 Bc5 16. Kf2 g6 17. b4 Bb6 18. Nd2 a5 19. Bh5 gxh5 20. Rxh5 Bd7 21. Qh1 Be8
22. Rh6 Bg6 23. Qh2 axb4 24. Rh1 Qg7 25. cxb4 Ra3 26. Re1 Rxa2 27. Re2 d4 28.
Nc4 dxe3+ 29. Kf3 Rxe2 30. Qxe2 Qc7 31. Nxe3 Bxe3 32. Qxe3 Rd8 33. Qb3 Qd7 34.
Ke3 Qd2+ 0-1

[Event "Colin Crouch Intermediate 1st"]
[Site "Harrow High School"]
[Date "2016.04.06"]
[Round "3.1"]
[White "Ivanov, George"]
[Black "Spanton, Tim R"]
[Result "0-1"]
[WhiteElo "1669"]
[BlackElo "1919"]
[PlyCount "48"]
[EventDate "2016.04.04"]
[EventType "swiss"]
[EventRounds "5"]
[EventCountry "ENG"]
[Source "John Saunders"]
[SourceDate "2016.04.28"]

1. e4 e5 2. Nf3 Nc6 3. d4 exd4 4. Bc4 Bc5 5. c3 Nf6 6. e5 d5 7. Bb5 Ne4 8. Nxd4
O-O 9. Bxc6 bxc6 10. Be3 Ba6 11. Qg4 Bxd4 12. cxd4 f5 13. Qf3 Rb8 14. b3 Qe7
15. Bd2 c5 16. Bc3 cxd4 17. Bxd4 c5 18. Bb2 d4 19. Bc1 Qxe5 20. Bf4 Qe6 21. Kd1
Rbd8 22. Re1 Qf6 23. Nd2 d3 24. Rc1 Nc3+ 0-1

[Event "Colin Crouch Intermediate 1st"]
[Site "Harrow High School"]
[Date "2016.04.06"]
[Round "3.3"]
[White "Ivanov, Elizabeth"]
[Black "Schmidt, Matthias"]
[Result "0-1"]
[WhiteElo "1585"]
[BlackElo "1974"]
[PlyCount "62"]
[EventDate "2016.04.04"]
[EventType "swiss"]
[EventRounds "5"]
[EventCountry "ENG"]
[Source "John Saunders"]
[SourceDate "2016.04.28"]

1. e4 e6 2. d4 d5 3. exd5 exd5 4. Bd3 c5 5. dxc5 Bxc5 6. Nf3 Nf6 7. h3 O-O 8.
O-O Nc6 9. Nc3 a6 10. Bg5 Be6 11. Kh1 Re8 12. a3 h6 13. Bh4 Rc8 14. Qd2 Be7 15.
Rae1 Na5 16. Ne5 Nc4 17. Bxc4 dxc4 18. Qc1 Qd4 19. Nf3 Qb6 20. Ne5 Qd4 21. Nf3
Qb6 22. Ne5 Rcd8 23. f4 Qc7 24. Rf2 Ng4 25. Nxg4 Bxh4 26. g3 Bxg4 27. gxh4
Rxe1+ 28. Qxe1 Bxh3 29. f5 Qg3 30. f6 Qxh4 31. Qg1 Bf5+ 0-1

[Event "Colin Crouch Intermediate 1st"]
[Site "Harrow High School"]
[Date "2016.04.06"]
[Round "3.6"]
[White "Hilton, Steve H"]
[Black "Mashayekh, Majid"]
[Result "1-0"]
[WhiteElo "1890"]
[BlackElo "1937"]
[PlyCount "69"]
[EventDate "2016.04.04"]
[EventType "swiss"]
[EventRounds "5"]
[EventCountry "ENG"]
[Source "John Saunders"]
[SourceDate "2016.04.28"]

1. d4 Nf6 2. Nf3 e6 3. e3 b6 4. Bd3 Bb7 5. O-O Be7 6. b3 O-O 7. Bb2 d5 8. Nbd2
Ne4 9. c4 f5 10. Qc2 Nd7 11. Rac1 Rc8 12. cxd5 exd5 13. Ne5 c5 14. Qd1 Bd6 15.
f4 Ndf6 16. Ndf3 Qe8 17. Qe2 Qh5 18. Rfd1 Ng4 19. Nxg4 fxg4 20. Ne5 cxd4 21.
exd4 Rxf4 22. Rxc8+ Bxc8 23. Qc2 g3 24. hxg3 Nxg3 25. Bxh7+ Qxh7 26. Qxc8+ Rf8
27. Qe6+ Kh8 28. Ng6+ Qxg6 29. Qxg6 Rf6 30. Qe8+ Kh7 31. Bc1 Ne4 32. Rd3 Ng3
33. Rf3 Rxf3 34. gxf3 Ne2+ 35. Qxe2 1-0

[Event "Colin Crouch Intermediate 1st"]
[Site "Harrow High School"]
[Date "2016.04.06"]
[Round "3.7"]
[White "Willmoth, Harrison"]
[Black "Balouka-Myers, Reuben"]
[Result "1-0"]
[WhiteElo "1487"]
[BlackElo "1630"]
[PlyCount "116"]
[EventDate "2016.04.04"]
[EventType "swiss"]
[EventRounds "5"]
[EventCountry "ENG"]
[Source "John Saunders"]
[SourceDate "2016.04.28"]

1. e4 e6 2. d3 d5 3. Nd2 c5 4. g3 Bd6 5. Bg2 d4 6. Ngf3 e5 7. O-O Nc6 8. Nc4
Bc7 9. a4 Be6 10. Ncd2 f6 11. Ne1 h5 12. f4 Bg4 13. Ndf3 exf4 14. Bxf4 Bxf4 15.
gxf4 Qd7 16. f5 Nge7 17. h3 Bxf3 18. Nxf3 O-O-O 19. Qd2 Rdg8 20. Kf2 g5 21. Rh1
Qd6 22. Rag1 Ne5 23. Nxe5 Qxe5 24. Bf3 Rh7 25. Qe2 Rgh8 26. Qd2 Nc6 27. Kf1 Qe8
28. Qe2 Ne5 29. Ke1 Qxa4 30. Kf2 Nxf3 31. Ra1 Qb4 32. Kxf3 a6 33. e5 fxe5 34.
Qxe5 Qb5 35. Rhg1 Qc6+ 36. Qe4 Qf6 37. Qe6+ Qxe6 38. fxe6 Rg8 39. Ra5 Rc7 40.
Ke4 g4 41. hxg4 hxg4 42. Kf4 Kd8 43. Rxg4 Rxg4+ 44. Kxg4 Ke7 45. Kf5 Kd6 46.
Ra1 Rh7 47. Re1 Ke7 48. Re2 Rh5+ 49. Kf4 Rh6 50. Re5 Rxe6 51. Rxc5 Kd6 52. Rc4
Kd5 53. Rc7 Rb6 54. b3 Rc6 55. Rd7+ Ke6 56. Rxb7 Kd5 57. Rd7+ Kc5 58. Ke5 Rh6
1-0

[Event "Colin Crouch Intermediate 1st"]
[Site "Harrow High School"]
[Date "2016.04.06"]
[Round "3.8"]
[White "Colter, Nigel"]
[Black "Golding, William"]
[Result "1-0"]
[WhiteElo "1721"]
[BlackElo "1496"]
[PlyCount "59"]
[EventDate "2016.04.04"]
[EventType "swiss"]
[EventRounds "5"]
[EventCountry "ENG"]
[Source "John Saunders"]
[SourceDate "2016.04.28"]

1. d4 Nf6 2. Nf3 e6 3. e3 d5 4. Bd3 c5 5. c3 Nc6 6. Nbd2 Be7 7. O-O O-O 8. Qe2
Re8 9. dxc5 Bxc5 10. e4 e5 11. exd5 Nxd5 12. Ne4 Bb6 13. Rd1 f5 14. Bc4 Be6 15.
Neg5 Kh8 16. Nxe6 Rxe6 17. Rxd5 Qe7 18. Bg5 Qf7 19. Rad1 h6 20. Be3 e4 21. Bxb6
exf3 22. Qxf3 axb6 23. Rxf5 Re1+ 24. Rxe1 Qxc4 25. Rf8+ Rxf8 26. Qxf8+ Qg8 27.
Re8 Qxf8 28. Rxf8+ Kh7 29. Rf7 Nd8 30. Rd7 1-0

[Event "Colin Crouch Intermediate 1st"]
[Site "Harrow High School"]
[Date "2016.04.07"]
[Round "4.1"]
[White "Batchelor, Guy J"]
[Black "Schmidt, Matthias"]
[Result "1/2-1/2"]
[WhiteElo "1921"]
[BlackElo "1974"]
[PlyCount "63"]
[EventDate "2016.04.04"]
[EventType "swiss"]
[EventRounds "5"]
[EventCountry "ENG"]
[Source "John Saunders"]
[SourceDate "2016.04.28"]

1. Nf3 d5 2. c4 c6 3. b3 Nf6 4. Bb2 Bf5 5. e3 e6 6. Be2 Bd6 7. O-O O-O 8. d4
Nbd7 9. Nh4 Bxb1 10. Rxb1 Ne4 11. Nf3 f5 12. Nd2 Qh4 13. f4 Nxd2 14. Qxd2 Nf6
15. Bf3 Ne4 16. Bxe4 fxe4 17. g3 Qe7 18. Bc3 g5 19. c5 Bc7 20. b4 a6 21. Kh1
Rf7 22. a4 h5 23. Qg2 gxf4 24. gxf4+ Rg7 25. Qh3 Qf7 26. a5 Qf5 27. Qxf5 exf5
28. Rg1 Rf8 29. Rxg7+ Kxg7 30. Rg1+ Kh6 31. h4 Bd8 32. Be1 1/2-1/2

[Event "Colin Crouch Intermediate 1st"]
[Site "Harrow High School"]
[Date "2016.04.07"]
[Round "4.2"]
[White "Ivanov, George"]
[Black "Balouka-Myers, Gabriel"]
[Result "1-0"]
[WhiteElo "1669"]
[BlackElo "1624"]
[PlyCount "43"]
[EventDate "2016.04.04"]
[EventType "swiss"]
[EventRounds "5"]
[EventCountry "ENG"]
[Source "John Saunders"]
[SourceDate "2016.04.28"]

1. e4 c6 2. d4 d5 3. e5 Bf5 4. Ne2 e6 5. Ng3 Bg6 6. h4 h6 7. h5 Bh7 8. Bd3 Bxd3
9. cxd3 c5 10. dxc5 Bxc5 11. d4 Bb4+ 12. Bd2 Bxd2+ 13. Nxd2 Ne7 14. Qg4 Rg8 15.
O-O Nbc6 16. Nb3 Qb6 17. Rad1 O-O-O 18. Nc5 Kb8 19. Rd3 Nxe5 20. Qf4 N7c6 21.
Rb3 g5 22. hxg6 1-0

[Event "Colin Crouch Intermediate 1st"]
[Site "Harrow High School"]
[Date "2016.04.07"]
[Round "4.3"]
[White "Zheng, William"]
[Black "Willmoth, Harrison"]
[Result "1/2-1/2"]
[WhiteElo "1589"]
[BlackElo "1487"]
[PlyCount "76"]
[EventDate "2016.04.04"]
[EventType "swiss"]
[EventRounds "5"]
[EventCountry "ENG"]
[Source "John Saunders"]
[SourceDate "2016.04.28"]

1. e4 d6 2. d4 Nf6 3. Nc3 c6 4. Be2 b5 5. a3 e6 6. Bg5 Be7 7. Nf3 Bb7 8. O-O
O-O 9. b4 d5 10. e5 Nfd7 11. Bxe7 Qxe7 12. Bd3 Nb6 13. Ne2 Nc4 14. Ra2 Nd7 15.
Ng3 Ndb6 16. c3 a5 17. Bc2 axb4 18. Qd3 g6 19. cxb4 Ra6 20. Nh5 Nd7 21. Ng3
Rfa8 22. Rfa1 Qd8 23. h3 R8a7 24. Nd2 Nxd2 25. Qxd2 Nb6 26. Qh6 Qf8 27. Qg5 Nd7
28. Nf1 Nb6 29. Ng3 Nd7 30. Nf1 Nb6 31. Ne3 h6 32. Qh4 h5 33. Nf1 Nc4 34. Ng3
Bc8 35. Nxh5 gxh5 36. Qg5+ Qg7 37. Qd8+ Qf8 38. Qg5+ Qg7 1/2-1/2

[Event "Colin Crouch Intermediate 1st"]
[Site "Harrow High School"]
[Date "2016.04.07"]
[Round "4.6"]
[White "Spanton, Tim R"]
[Black "Hilton, Steve H"]
[Result "1/2-1/2"]
[WhiteElo "1919"]
[BlackElo "1890"]
[PlyCount "77"]
[EventDate "2016.04.04"]
[EventType "swiss"]
[EventRounds "5"]
[EventCountry "ENG"]
[Source "John Saunders"]
[SourceDate "2016.04.28"]

1. d4 Nf6 2. Nc3 d5 3. Bf4 g6 4. Qd2 h6 5. Nf3 Bg7 6. Ne5 c6 7. f3 Qa5 8. e4
Nbd7 9. Be2 g5 10. Nxd7 Bxd7 11. Be3 dxe4 12. fxe4 O-O-O 13. O-O-O Be6 14. a3
Ng4 15. h3 Ne5 16. d5 Ng6 17. Bd4 Bxd4 18. Qxd4 cxd5 19. Nxd5 Bxd5 20. exd5 Nf4
21. Bf3 Kb8 22. g3 Ng6 23. Qe4 Qc7 24. Rhg1 Ne5 25. Bh1 f6 26. Rge1 Rd6 27. Bf3
h5 28. Re3 Qd7 29. c4 Nxc4 30. Rc3 Ne5 31. Be2 Rc8 32. Rxc8+ Qxc8+ 33. Kb1 Qxh3
34. Rh1 Qd7 35. Rxh5 Rxd5 36. Rh8+ Kc7 37. Qc2+ Qc6 38. Qf5 Qd7 39. Qc2+
1/2-1/2

[Event "Colin Crouch Intermediate 1st"]
[Site "Harrow High School"]
[Date "2016.04.07"]
[Round "4.8"]
[White "Balouka-Myers, Reuben"]
[Black "Golding, William"]
[Result "1-0"]
[WhiteElo "1630"]
[BlackElo "1496"]
[PlyCount "55"]
[EventDate "2016.04.04"]
[EventType "swiss"]
[EventRounds "5"]
[EventCountry "ENG"]
[Source "John Saunders"]
[SourceDate "2016.04.28"]

1. Nf3 e6 2. g3 Nf6 3. Bg2 d5 4. d3 c5 5. O-O Bd6 6. a3 Nc6 7. Re1 O-O 8. Nbd2
Re8 9. c4 d4 10. Ng5 e5 11. Nde4 Nxe4 12. Nxe4 f5 13. Ng5 Bd7 14. Bd5+ Be6 15.
Nxe6 Rxe6 16. Bxe6+ Kh8 17. Bxf5 Qf6 18. Be4 Rf8 19. Rf1 Nd8 20. Qa4 Ne6 21.
Qxa7 Ng5 22. Bxg5 Qxg5 23. Bf3 h5 24. Qxb7 h4 25. Qd7 Be7 26. Rfb1 Rf7 27. Qe8+
Rf8 28. Qh5+ 1-0

[Event "Colin Crouch Intermediate 1st"]
[Site "Harrow High School"]
[Date "2016.04.08"]
[Round "5.1"]
[White "Spanton, Tim R"]
[Black "Batchelor, Guy J"]
[Result "1-0"]
[WhiteElo "1919"]
[BlackElo "1921"]
[PlyCount "59"]
[EventDate "2016.04.04"]
[EventType "swiss"]
[EventRounds "5"]
[EventCountry "ENG"]
[Source "John Saunders"]
[SourceDate "2016.04.28"]

1. d4 Nf6 2. Nc3 d5 3. Bf4 c6 4. e3 g6 5. Be2 Bg7 6. Nf3 O-O 7. Ne5 Nbd7 8. O-O
Ne4 9. Nxe4 dxe4 10. Nc4 Nb6 11. c3 Be6 12. Nd2 f5 13. f3 exf3 14. Nxf3 h6 15.
Be5 Bf6 16. Bd3 Nd7 17. Bxf6 exf6 18. Nh4 Qe8 19. Rf3 Kh7 20. Qc2 Rg8 21. Raf1
Bd5 22. Nxg6 Rxg6 23. Bxf5 Bxf3 24. Rxf3 Kg7 25. Bxg6 Qxg6 26. Rg3 Qxg3 27.
hxg3 Re8 28. Kf2 Nf8 29. Qb3 Re7 30. Qa3 1-0

[Event "Colin Crouch Intermediate 1st"]
[Site "Harrow High School"]
[Date "2016.04.08"]
[Round "5.2"]
[White "Schmidt, Matthias"]
[Black "Zheng, William"]
[Result "1-0"]
[WhiteElo "1974"]
[BlackElo "1589"]
[PlyCount "155"]
[EventDate "2016.04.04"]
[EventType "swiss"]
[EventRounds "5"]
[EventCountry "ENG"]
[Source "John Saunders"]
[SourceDate "2016.04.28"]

1. d4 e6 2. c4 Nf6 3. Nf3 d5 4. g3 Bb4+ 5. Nbd2 dxc4 6. a3 Ba5 7. Qa4+ c6 8.
Qxc4 O-O 9. b4 Bc7 10. Bg2 Nbd7 11. O-O Nb6 12. Qc2 Nbd5 13. Bb2 a5 14. e4 Ne7
15. Rac1 axb4 16. axb4 h6 17. Rfd1 Bb6 18. Nc4 Bc7 19. Ne3 Ra2 20. Qb1 Ra4 21.
d5 Rxb4 22. dxe6 Qe8 23. exf7+ Qxf7 24. Rd4 Rxd4 25. Bxd4 Ng4 26. Qb2 Nxe3 27.
Bxe3 Ng6 28. Qc2 Ne5 29. Nxe5 Bxe5 30. f4 Bc7 31. Rd1 Be6 32. Rb1 Bb8 33. Bf1
Qc7 34. f5 Bd7 35. Bc4+ Kh8 36. Qb2 b5 37. Bd3 Ba7 38. Bxa7 Qxa7+ 39. Kg2 Qe3
40. Qe2 Qxe2+ 41. Bxe2 Re8 42. Kf3 Rb8 43. g4 Kg8 44. e5 c5 45. e6 Bc6+ 46. Kf4
Kf8 47. Ke5 Ke7 48. h4 Rd8 49. Bxb5 Rd5+ 50. Kf4 Rd4+ 51. Kg3 Bxb5 52. Rxb5 c4
53. Rb7+ Kf8 54. g5 hxg5 55. hxg5 c3 56. f6 gxf6 57. gxf6 Kg8 58. Rg7+ Kh8 59.
Rc7 Re4 60. e7 Kg8 61. Rc8+ Kf7 62. Rf8+ Kg6 63. e8=Q+ Rxe8 64. Rxe8 c2 65. Rc8
Kxf6 66. Rxc2 Ke5 67. Rc4 Kd5 68. Ra4 Ke5 69. Kf3 Kd5 70. Ke3 Kc5 71. Rd4 Kc6
72. Ke4 Kc5 73. Ke5 Kc6 74. Rd5 Kb6 75. Kd6 Kb7 76. Rb5+ Kc8 77. Rb1 Kd8 78.
Rb8# 1-0

[Event "Colin Crouch Intermediate 1st"]
[Site "Harrow High School"]
[Date "2016.04.08"]
[Round "5.3"]
[White "Colter, Nigel"]
[Black "Mashayekh, Majid"]
[Result "1/2-1/2"]
[WhiteElo "1721"]
[BlackElo "1937"]
[PlyCount "37"]
[EventDate "2016.04.04"]
[EventType "swiss"]
[EventRounds "5"]
[EventCountry "ENG"]
[Source "John Saunders"]
[SourceDate "2016.04.28"]

1. d4 Nf6 2. Nf3 e6 3. e3 c5 4. c3 Be7 5. Bd3 d5 6. Nbd2 Nc6 7. O-O Qc7 8. dxc5
e5 9. e4 Bxc5 10. exd5 Nxd5 11. Ne4 Be7 12. Bc4 Nf6 13. Nfg5 Nd8 14. Qb3 Nxe4
15. Nxe4 Be6 16. Qa4+ Bd7 17. Qb3 Rc8 18. Bd5 Bc6 19. Bxc6+ 1/2-1/2

[Event "Colin Crouch Intermediate 1st"]
[Site "Harrow High School"]
[Date "2016.04.08"]
[Round "5.6"]
[White "Hilton, Steve H"]
[Black "Ivanov, George"]
[Result "1/2-1/2"]
[WhiteElo "1890"]
[BlackElo "1669"]
[PlyCount "45"]
[EventDate "2016.04.04"]
[EventType "swiss"]
[EventRounds "5"]
[EventCountry "ENG"]
[Source "John Saunders"]
[SourceDate "2016.04.28"]

1. d4 d5 2. Nf3 Nf6 3. e3 Bf5 4. c4 c6 5. Qb3 Qc7 6. cxd5 cxd5 7. Bd2 Nbd7 8.
Nc3 e6 9. Rc1 Rc8 10. Bb5 a6 11. Be2 Qb6 12. O-O Qxb3 13. axb3 Bd6 14. Nxd5 O-O
15. Nxf6+ Nxf6 16. Rxc8 Rxc8 17. Rc1 Rxc1+ 18. Bxc1 Bc2 19. Nd2 Bb4 20. f3 Bxd2
21. Bxd2 Bxb3 22. e4 Kf8 23. Bb4+ 1/2-1/2

[Event "Colin Crouch Intermediate 1st"]
[Site "Harrow High School"]
[Date "2016.04.08"]
[Round "5.7"]
[White "Ivanov, Elizabeth"]
[Black "Balouka-Myers, Reuben"]
[Result "1/2-1/2"]
[WhiteElo "1585"]
[BlackElo "1630"]
[PlyCount "43"]
[EventDate "2016.04.04"]
[EventType "swiss"]
[EventRounds "5"]
[EventCountry "ENG"]
[Source "John Saunders"]
[SourceDate "2016.04.28"]

1. e4 e6 2. d4 d5 3. e5 c5 4. c3 Nc6 5. f4 Bd7 6. Nf3 cxd4 7. cxd4 Nh6 8. Bd2
Qb6 9. Bc3 Be7 10. a3 O-O 11. Bd3 Kh8 12. h3 Nf5 13. Bxf5 exf5 14. O-O Na5 15.
Bxa5 Qxa5 16. Nc3 Bc6 17. Qd3 g6 18. b4 Qd8 19. Qd2 a6 20. Qe1 Rc8 21. Rb1 Bb5
22. Nxb5 1/2-1/2